[Event "Open Semana Santa 2023"]
[Site "?"]
[Date "2023.04.08"]
[Round "6.131"]
[White "Martinez Rodriguez, Francisco Sa"]
[Black "Srivatsan Karthikeyan"]
[Result "0-1"]
[WhiteElo "2004"]
[BlackElo "1777"]
[PlyCount "58"]
[EventDate "2023.??.??"]

1. e4 e5 2. Nf3 Nc6 3. Bc4 Bc5 4. c3 Nf6 5. d3 a6 6. Bb3 Ba7 7. Nbd2 O-O 8. O-O
d5 9. Qe2 Bg4 10. h3 Bh5 11. Re1 Bg6 12. Bc2 Nh5 13. Nf1 Kh8 14. g4 Nf4 15.
Bxf4 exf4 16. d4 dxe4 17. Bxe4 f5 18. Bxc6 bxc6 19. Ne5 Qh4 20. Nxg6+ hxg6 21.
Qf3 c5 22. dxc5 Bxc5 23. Rad1 fxg4 24. hxg4 Rae8 25. Nd2 Re3 26. fxe3 fxe3 27.
Qxf8+ Bxf8 28. Nb3 Qf2+ 29. Kh1 Bd6 0-1

[Event "Open Semana Santa 2023"]
[Site "?"]
[Date "2023.04.08"]
[Round "6.132"]
[White "Herraiz Gomez, Iker"]
[Black "Garcia-Ruiz Fuentes, Angel M"]
[Result "1-0"]
[WhiteElo "1668"]
[BlackElo "1993"]
[PlyCount "63"]
[EventDate "2023.??.??"]

1. e4 c5 2. Nf3 d6 3. d4 cxd4 4. Nxd4 Nf6 5. Nc3 a6 6. Be2 e5 7. Nb3 Be7 8. Be3
Be6 9. Nd5 Nxd5 10. exd5 Bf5 11. c4 Nd7 12. Qd2 b6 13. O-O O-O 14. a4 a5 15.
Nc1 Bg6 16. Na2 f5 17. f4 Bf6 18. Nc3 Rc8 19. Nb5 Qe7 20. Na7 Rce8 21. Nc6 Qf7
22. Rfc1 exf4 23. Bxf4 Nc5 24. Qc2 Qd7 25. g3 Bf7 26. h4 h6 27. h5 Rxe2 28.
Qxe2 Nb3 29. Qf3 Nxa1 30. Rxa1 Bxb2 31. Rb1 Ba3 32. Qxa3 1-0

[Event "Open Semana Santa 2023"]
[Site "?"]
[Date "2023.04.08"]
[Round "6.133"]
[White "Abreu Sanchez, Leonel Jesus"]
[Black "Hammari, Vinjar"]
[Result "1-0"]
[WhiteElo "1667"]
[BlackElo "1989"]
[PlyCount "115"]

1. Nf3 Nf6 2. c4 e6 3. d4 c5 4. d5 exd5 5. cxd5 d6 6. Nc3 g6 7. e4 a6 8. a4 Bg4
9. h3 Bxf3 10. Qxf3 Bg7 11. Bf4 O-O 12. Bd3 Qe7 13. O-O Nbd7 14. Bh2 Ne5 15.
Qe2 Nxd3 16. Qxd3 Rab8 17. Rfe1 Nd7 18. f4 Rfc8 19. Qg3 b5 20. axb5 axb5 21. e5
b4 22. Na4 c4 23. Kh1 Rb5 24. e6 Nf6 25. exf7+ Qxf7 26. f5 gxf5 27. Qxd6 Ne4
28. Qa6 Qe8 29. Nb6 Bxb2 30. Rxe4 fxe4 31. Nxc8 Rxd5 32. Qxc4 Bxa1 33. Qxd5+
Kf8 34. Bd6+ Kg7 35. Qg5+ Kh8 36. Ne7 Bg7 37. Be5 Qf7 38. Bxg7+ Qxg7 39. Qxg7+
Kxg7 40. Nd5 b3 41. Kg1 Kg6 42. Kf2 Kf5 43. Ke3 Ke5 44. Nc3 b2 45. g4 h5 46.
Nb1 hxg4 47. hxg4 Kf6 48. Kxe4 Kg5 49. Kf3 Kg6 50. Kf4 Kf6 51. g5+ Kg6 52. Kg4
Kg7 53. Kf5 Kf7 54. g6+ Kg7 55. Kg5 Kg8 56. Kh6 Kh8 57. g7+ Kg8 58. Nc3 1-0

[Event "Open Semana Santa 2023"]
[Site "?"]
[Date "2023.04.08"]
[Round "6.134"]
[White "Bocos Delgado, Jon"]
[Black "Blanco Sanchez, Jose Fernando"]
[Result "1-0"]
[WhiteElo "1654"]
[BlackElo "1971"]
[PlyCount "65"]

1. d4 Nf6 2. c4 e5 3. dxe5 Ne4 4. Nf3 Nc6 5. Nbd2 Nc5 6. g3 Qe7 7. Bg2 Nxe5 8.
O-O a5 9. b3 d6 10. Bb2 Nc6 11. Nd4 Nxd4 12. Bxd4 f6 13. Qc2 g6 14. Ne4 Nxe4
15. Qxe4 Qxe4 16. Bxe4 Be7 17. Rfd1 O-O 18. Rac1 Rd8 19. Kg2 Kf8 20. h4 Rb8 21.
Ba7 Ra8 22. Be3 Rb8 23. h5 Kg7 24. Rh1 g5 25. h6+ Kh8 26. f4 gxf4 27. gxf4 Be6
28. f5 Bf7 29. Kf2 b6 30. Bd5 Be8 31. Rcg1 Bd7 32. Rg7 Re8 33. Bd4 1-0

[Event "Open Semana Santa 2023"]
[Site "?"]
[Date "2023.04.08"]
[Round "6.135"]
[White "Lobo Pereira, Arami"]
[Black "Perea Fruet, Federico"]
[Result "1-0"]
[WhiteElo "1961"]
[BlackElo "1766"]
[PlyCount "91"]

1. d4 d5 2. c4 e6 3. Nc3 a6 4. cxd5 exd5 5. Qb3 Nf6 6. Bg5 c6 7. e4 dxe4 8. Bc4
Qe7 9. a4 Nbd7 10. Nge2 g6 11. O-O Bg7 12. Ng3 O-O 13. Ncxe4 h6 14. Nxf6+ Nxf6
15. Bd2 Qc7 16. Rfe1 b6 17. Bb4 c5 18. dxc5 bxc5 19. Bc3 Bb7 20. Rad1 Rad8 21.
Rxd8 Rxd8 22. Qc2 Kh8 23. f3 Nd5 24. Bxg7+ Kxg7 25. Ne4 Qe5 26. Qf2 Qd4 27. b3
Re8 28. Qxd4+ cxd4 29. Rd1 Nc3 30. Rxd4 Nxe4 31. fxe4 Bc8 32. b4 Re5 33. Kf2
Bb7 34. Rd7 Bxe4 35. Rxf7+ Kh8 36. Bxa6 Bf5 37. Rc7 Rd5 38. b5 Rd2+ 39. Ke3 Rb2
40. a5 Rb3+ 41. Kd4 Rd3+ 42. Kc5 Rc3+ 43. Kb6 Ra3 44. Bb7 Bd3 45. a6 Rb3 46.
Rc5 1-0

[Event "Open Semana Santa 2023"]
[Site "?"]
[Date "2023.04.08"]
[Round "6.136"]
[White "Lozano Freras, Sergio"]
[Black "Sivanandan, Bodhana"]
[Result "0-1"]
[WhiteElo "1960"]
[BlackElo "1746"]
[PlyCount "98"]
[EventDate "2023.??.??"]

1. e4 c6 2. d4 d5 3. e5 Bf5 4. Bd3 Bxd3 5. Qxd3 e6 6. c3 c5 7. Nf3 Nc6 8. O-O
cxd4 9. cxd4 Nge7 10. Nc3 Nc8 11. Be3 Be7 12. Nd2 O-O 13. f4 f5 14. Rf3 Nb6 15.
Rh3 g6 16. g4 Rc8 17. gxf5 Rxf5 18. a3 Na5 19. Ne2 Nbc4 20. b4 Nxd2 21. Bxd2
Nc4 22. Rc1 b5 23. Kh1 a6 24. Rg1 Bf8 25. Ng3 Rf7 26. Nh5 Bg7 27. Nxg7 Rxg7 28.
Be1 Qf8 29. Rf3 Qf5 30. Qxf5 gxf5 31. Rxg7+ Kxg7 32. Rg3+ Kf8 33. Rh3 Rc7 34.
Rh6 Rc6 35. Rxh7 Nxa3 36. Bh4 Nc2 37. Bf6 Nxd4 38. Rh8+ Kf7 39. h4 Ne2 40. Rh7+
Kg6 41. Rg7+ Kh6 42. Rg8 Nxf4 43. Rh8+ Kg6 44. Rg8+ Kh5 45. Bg5 Ng6 46. Kg2
Nxh4+ 47. Bxh4 Kxh4 48. Kf3 Rc3+ 49. Ke2 Rc4 0-1

[Event "Open Semana Santa 2023"]
[Site "?"]
[Date "2023.08.16"]
[Round "6.137"]
[White "Herrera Pezo, Enoch"]
[Black "Torres Rebolledo, Victor"]
[Result "1/2-1/2"]
[WhiteElo "1603"]
[BlackElo "1960"]
[PlyCount "132"]

1. e4 c6 2. d4 d5 3. exd5 cxd5 4. c4 Nf6 5. Nc3 e6 6. c5 b6 7. Bb5+ Bd7 8.
Bxd7+ Nfxd7 9. b4 Be7 10. Nf3 O-O 11. Bd2 a5 12. a3 Bf6 13. Qa4 bxc5 14. bxc5
e5 15. Nxd5 exd4 16. Nxf6+ Qxf6 17. Qxd4 Qxd4 18. Nxd4 Nxc5 19. O-O a4 20. Bb4
Nba6 21. Rfd1 Nxb4 22. axb4 Ne4 23. f3 Nc3 24. Rd3 Nd5 25. Nc6 Nb6 26. Kf2 Rfe8
27. Na5 Rad8 28. Rad1 Rc8 29. Nb7 Rc2+ 30. R1d2 Rxd2+ 31. Rxd2 g6 32. Rd6 Nc4
33. Ra6 Rb8 34. Ra7 a3 35. Na5 Ne5 36. Nb3 Nd3+ 37. Kg3 Rxb4 38. Rxa3 h5 39. h3
h4+ 40. Kh2 Nf4 41. Nc1 Rd4 42. Ra2 Rd1 43. Ne2 Nd5 44. Ra8+ Kg7 45. Rd8 Ne3
46. Rxd1 Nxd1 47. Kg1 Kh6 48. Nf4 Kg5 49. Nd3 Kf5 50. Kf1 Nc3 51. Kf2 Nd5 52.
Ke2 Nf4+ 53. Nxf4 Kxf4 54. Kf2 f6 55. Kf1 Ke3 56. Ke1 f5 57. Kf1 Kd3 58. Ke1
Kd4 59. Kd2 Ke5 60. Ke3 g5 61. Ke2 Kf4 62. Kf2 g4 63. fxg4 fxg4 64. hxg4 Kxg4
65. Kf1 h3 66. gxh3+ Kxh3 1/2-1/2

[Event "Open Semana Santa 2023"]
[Site "?"]
[Date "2023.04.08"]
[Round "6.138"]
[White "Cesar Maestre, Eduardo"]
[Black "Fernandez Fernandez, Juan Carlos"]
[Result "1/2-1/2"]
[WhiteElo "1649"]
[BlackElo "1953"]
[PlyCount "62"]

1. e4 c6 2. Nc3 d5 3. Nf3 Bg4 4. h3 Bxf3 5. Qxf3 dxe4 6. Nxe4 Nd7 7. g3 Ngf6 8.
Bg2 Nxe4 9. Qxe4 Nf6 10. Qe2 e6 11. O-O Be7 12. c3 O-O 13. d4 Qc7 14. Bf4 Bd6
15. Bxd6 Qxd6 16. Rad1 Rad8 17. Rfe1 h6 18. Qc2 Qc7 19. Qa4 a5 20. Re5 b5 21.
Qb3 Nd5 22. Bxd5 Rxd5 23. Rxd5 exd5 24. Re1 Qd7 25. Kg2 Re8 26. Rxe8+ Qxe8 27.
a4 Qe4+ 28. Kg1 Qe1+ 29. Kg2 Qe4+ 30. Kg1 Qe1+ 31. Kg2 Qe4+ 1/2-1/2

[Event "Open Semana Santa 2023"]
[Site "?"]
[Date "2023.04.08"]
[Round "6.139"]
[White "Hurtado Rueda, Manuel"]
[Black "Bartolome Benito, Alejandro"]
[Result "1-0"]
[WhiteElo "1951"]
[BlackElo "1739"]
[PlyCount "107"]

1. e4 c5 2. Bc4 Nc6 3. Nf3 g6 4. O-O Bg7 5. h3 Nf6 6. Re1 d6 7. c3 O-O 8. d4
cxd4 9. Nxd4 Nxd4 10. cxd4 Nxe4 11. Rxe4 d5 12. Bxd5 Qxd5 13. Rxe7 Qxd4 14.
Qxd4 Bxd4 15. Nc3 Bxc3 16. bxc3 Be6 17. Rxb7 Rfb8 18. Rc7 Rc8 19. Bf4 Rxc7 20.
Bxc7 Rc8 21. Be5 Rd8 22. a3 Bb3 23. Bd4 a5 24. Re1 a4 25. Kh2 Be6 26. Rb1 Bb3
27. Re1 Be6 28. Re4 Rc8 29. Bf6 Rc4 30. Re5 Rf4 31. Be7 Rxf2 32. Ra5 Bd7 33.
Kg1 Rf5 34. Ra7 Bb5 35. g4 Rf3 36. Ra8+ Kg7 37. g5 Rf1+ 38. Kh2 Rf2+ 39. Kg3
Rf3+ 40. Kxf3 Bc6+ 41. Kf4 Bxa8 42. Ke5 f6+ 43. Bxf6+ Kf7 44. c4 Bc6 45. Kd6
Bg2 46. h4 h6 47. c5 hxg5 48. Bxg5 Ke8 49. Kc7 Bh3 50. c6 Bg4 51. Kb8 Bd7 52.
cxd7+ Kxd7 53. Kb7 Kd6 54. Kb6 1-0

[Event "Open Semana Santa 2023"]
[Site "?"]
[Date "2023.04.08"]
[Round "6.140"]
[White "Mikalsen, Harald"]
[Black "Kyriakidis, Orestis"]
[Result "0-1"]
[WhiteElo "1947"]
[BlackElo "1727"]
[PlyCount "82"]

1. e4 e5 2. Nf3 Nc6 3. Bc4 Nf6 4. Ng5 d5 5. exd5 Na5 6. Bb5+ c6 7. dxc6 bxc6 8.
Be2 h6 9. Nf3 e4 10. Ne5 Bc5 11. c3 O-O 12. b4 Bd6 13. f4 exf3 14. Nxf3 Nb7 15.
O-O a5 16. bxa5 Rxa5 17. d4 Re8 18. Nbd2 Nd5 19. Bc4 Ne3 20. Bxf7+ Kh8 21. Re1
Qf6 22. Rxe3 Rxe3 23. Nc4 Rxf3 24. Nxa5 Rf1+ 25. Qxf1 Bxh2+ 26. Kxh2 Qxf1 27.
Bc4 Qf2 28. Nxb7 Qh4+ 29. Kg1 Qe1+ 30. Bf1 Qxc3 31. Rb1 Bxb7 32. Rxb7 Qxc1 33.
Rd7 Qa3 34. Rc7 Qe3+ 35. Kh1 Qe4 36. Rc8+ Kh7 37. Ba6 Qh4+ 38. Kg1 Qxd4+ 39.
Kh2 c5 40. Kh1 Qd1+ 41. Kh2 Qd6+ 0-1

[Event "Open Semana Santa 2023"]
[Site "?"]
[Date "2023.04.08"]
[Round "6.141"]
[White "Robledo Sanchez, Saul"]
[Black "Soler Nadal, Jose Antonio"]
[Result "1/2-1/2"]
[WhiteElo "1931"]
[BlackElo "1677"]
[Annotator "Usuario"]
[PlyCount "55"]

1. e4 c6 2. Nc3 d5 3. Nf3 Bg4 4. h3 Bxf3 5. Qxf3 e6 6. exd5 exd5 7. d4 Nf6 8.
Bd3 Bd6 9. O-O O-O 10. Re1 Nbd7 11. Ne2 Qa5 12. c3 Rae8 13. Bf4 Qc7 14. Bxd6
Qxd6 15. Ng3 g6 16. Re3 Re7 $11 17. Rae1 Rfe8 18. Rxe7 Rxe7 19. Rxe7 Qxe7 20.
Qe3 Qd6 21. Ne2 a6 22. f4 c5 23. f5 cxd4 24. Qxd4 Nc5 25. fxg6 hxg6 26. b4 Nxd3
27. Qxd3 b5 28. Qe3 1/2-1/2

[Event "Open Semana Santa 2023"]
[Site "?"]
[Date "2023.04.08"]
[Round "6.142"]
[White "Pousada Estevez, Daniel"]
[Black "Roquero Redondo, Miguel"]
[Result "0-1"]
[WhiteElo "1580"]
[BlackElo "1924"]
[PlyCount "66"]

1. d4 d5 2. Bf4 Nf6 3. e3 e6 4. Bd3 Bd6 5. Nf3 O-O 6. O-O c5 7. dxc5 Bxc5 8.
Nbd2 Nc6 9. c3 Re8 10. e4 e5 11. Bg5 Be7 12. exd5 Nxd5 13. Bxe7 Qxe7 14. Bc4
Be6 15. Re1 f6 16. Qe2 Rad8 17. Rad1 Kh8 18. Bb3 Nf4 19. Qe4 f5 20. Qb1 e4 21.
g3 Nd3 22. Re3 Qf6 23. Bxe6 Rxe6 24. Ne1 Nde5 25. f3 Red6 26. Qc2 Qh6 27. f4
Ng4 28. Re2 e3 29. Qxf5 Nf2 30. Rxe3 Nxd1 31. Rd3 Rxd3 32. Nxd3 Qd6 33. Ne5
Nxe5 0-1

[Event "Open Semana Santa 2023"]
[Site "?"]
[Date "2023.04.08"]
[Round "6.143"]
[White "Candela Martin, Alvaro"]
[Black "Burriel Ureta, Raul"]
[Result "1-0"]
[WhiteElo "1917"]
[BlackElo "1579"]
[PlyCount "99"]

1. e4 c5 2. Nf3 g6 3. c3 Bg7 4. d4 cxd4 5. cxd4 a6 6. Nc3 d6 7. h3 Nf6 8. Bd3
Nc6 9. O-O O-O 10. Be3 b5 11. Qd2 Bb7 12. Bh6 Qb6 13. Bxg7 Kxg7 14. Bc2 Rfd8
15. Rad1 Rac8 16. Rfe1 Rd7 17. Nh4 h6 18. Re3 b4 19. Rg3 Kh7 20. Ne2 e5 21. Rf3
Kg7 22. d5 Nd4 23. Nxd4 Qxd4 24. Qxd4 exd4 25. Ba4 Re7 26. Rg3 Kh7 27. f3 Rcc7
28. Rxd4 Bc8 29. Rxb4 Nh5 30. Rg4 Bxg4 31. hxg4 Nf4 32. Bc6 Nd3 33. Rb8 Ne5 34.
Rb6 Nxc6 35. dxc6 a5 36. a3 a4 37. Ra6 Ra7 38. Rb6 Kg7 39. g3 Rec7 40. f4 Kf6
41. Nf3 Re7 42. Nd4 Rxe4 43. Nb5 Rae7 44. g5+ hxg5 45. c7 g4 46. Rxd6+ Kg7 47.
Rd1 Re1+ 48. Rxe1 Rxe1+ 49. Kf2 Rc1 50. Nc3 1-0

[Event "Open Semana Santa 2023"]
[Site "?"]
[Date "2023.04.08"]
[Round "6.144"]
[White "Yug Amit Sonigara"]
[Black "Demirkol, Kerim Calvelo"]
[Result "1-0"]
[WhiteElo "1230"]
[BlackElo "1897"]
[PlyCount "115"]
[EventDate "2023.??.??"]

1. e4 d6 2. d4 Nf6 3. Nc3 Nbd7 4. f4 e5 5. Nf3 exd4 6. Qxd4 c6 7. Bc4 d5 8.
exd5 Bc5 9. Qd3 Qe7+ 10. Qe2 Qxe2+ 11. Bxe2 Nxd5 12. Nxd5 cxd5 13. Bd2 O-O 14.
O-O-O Nf6 15. Bc3 Be3+ 16. Bd2 d4 17. Bxe3 dxe3 18. Rhe1 Be6 19. Nd4 Rfe8 20.
Bb5 Re7 21. Rxe3 Nd5 22. Re4 a6 23. Ba4 g6 24. Rde1 Rc7 25. Nxe6 fxe6 26. g3
Kf8 27. Rxe6 Ne7 28. Bb3 Nf5 29. g4 Nd4 30. R6e4 Nc6 31. f5 gxf5 32. gxf5 Re7
33. Rxe7 Nxe7 34. f6 Ng6 35. f7 Rc8 36. Re4 Rd8 37. h4 Nh8 38. a4 a5 39. c3 b6
40. Rg4 Nxf7 41. Rf4 Rd7 42. Rxf7+ Rxf7 43. Bxf7 Kxf7 44. b4 Ke6 45. Kd2 Kd6
46. Kd3 Kd5 47. c4+ Ke5 48. bxa5 bxa5 49. Ke3 Kd6 50. Kd4 Ke6 51. c5 Kd7 52.
Kd5 Kc7 53. c6 Kc8 54. Kc5 Kc7 55. Kb5 h5 56. Kc5 Kc8 57. Kb6 Kb8 58. Kxa5 1-0

[Event "Open Semana Santa 2023"]
[Site "?"]
[Date "2023.04.08"]
[Round "6.145"]
[White "Vicens Company, Maria Antonia"]
[Black "Kiryttopoulos, Panagiotis Aris"]
[Result "1-0"]
[WhiteElo "1888"]
[BlackElo "1556"]
[Annotator "Usuario"]
[PlyCount "147"]

1. e4 c5 2. Nf3 e6 3. d4 cxd4 4. Nxd4 a6 5. g3 d5 6. Ne2 Nf6 7. exd5 Nxd5 8.
Bg2 Nc6 9. O-O Bc5 10. a3 a5 11. Nd2 Bxf2+ 12. Rxf2 Ne3 13. Qe1 Nxc2 14. Qf1
Ne5 15. Nc3 Nxa1 16. Qb5+ Nc6 17. Qh5 O-O 18. Nde4 f5 19. Ng5 h6 20. Nh3 Nb3
21. Bxh6 Qe8 22. Qd1 gxh6 23. Qxb3 Qf7 24. Nf4 Rd8 25. g4 Nd4 26. Qb6 Qe7 27.
gxf5 Ra6 28. Ng6 Rxb6 29. Nxe7+ Kf7 30. Nxc8 Rxc8 31. fxe6+ Ke8 32. e7 Rxc3 33.
bxc3 Rb1+ 34. Bf1 Nc6 35. Kg2 Kxe7 $11 36. a4 Rc1 37. Rb2 Kd6 38. Rxb7 Rc2+ 39.
Kg1 Rxc3 40. Rh7 Kc5 41. Rxh6 Rb3 42. h4 Nd4 43. Rh8 Kb4 44. h5 Kxa4 45. h6
Nf3+ 46. Kf2 Ng5 47. Rg8 Rb6 48. Rxg5 Rxh6 49. Ke3 Rb6 50. Kd2 Rb4 $11 51. Kc2
Rb6 52. Rg4+ Rb4 53. Rg3 Rb6 54. Be2 Kb4 55. Kb2 a4 56. Bd1 Rd6 57. Rg4+ Kc5
58. Bxa4 Rd4 59. Rg5+ Kb4 60. Bc2 Rf4 61. Rg8 Rf6 62. Rg4+ Kc5 63. Kc3 Rd6 64.
Bb3 Kc6 65. Rg5 Kc7 66. Ba4 Kb6 67. Kc4 Kc7 68. Kc5 Rf6 69. Rg7+ Kd8 70. Bc6
Rh6 71. Rd7+ Kc8 72. Re7 Rh2 73. Kb6 Rh8 74. Ra7 1-0

[Event "Open Semana Santa 2023"]
[Site "?"]
[Date "2023.04.08"]
[Round "6.147"]
[White "Andries, Leia"]
[Black "WFM Abrisqueta Zudaire, Leyre"]
[Result "1/2-1/2"]
[WhiteElo "1627"]
[BlackElo "2077"]
[PlyCount "167"]

1. e4 c5 2. Nf3 Nc6 3. c3 d5 4. exd5 Qxd5 5. d4 Bf5 6. Be3 cxd4 7. Nxd4 Nf6 8.
Nxf5 Qxf5 9. Qb3 O-O-O 10. Bb5 Ng4 11. Bxc6 bxc6 12. Qc4 Nxe3 13. Qxc6+ Kb8 14.
fxe3 Qd3 15. Qf3 e5 16. Kf2 Bc5 17. Re1 Rd6 18. Kg1 Rf6 19. Qd1 Rd8 20. Na3
Bxa3 21. bxa3 Qxd1 22. Rexd1 Rfd6 23. Rxd6 Rxd6 24. Rb1+ Kc7 25. Rb4 Rc6 26.
Ra4 a6 27. Kf2 Kd6 28. Kf3 g6 29. g4 h6 30. c4 f5 31. gxf5 gxf5 32. e4 f4 33.
Kg4 Kc5 34. Ra5+ Kd4 35. Kf3 Re6 36. Ra4 h5 37. h4 Kc5 38. Kf2 Kd4 39. Kf3 Kd3
40. c5 Rc6 41. Ra5 Kc3 42. Ra4 Kd3 43. Ra5 Kc4 44. Ra4+ Kxc5 45. Ra5+ Kd6 46.
Rd5+ Ke6 47. Ra5 Rc3+ 48. Kf2 Rc6 49. Kf3 Kf6 50. Ra4 Ke7 51. Ra5 Kf6 52. Ra4
Rd6 53. Ra5 Ke6 54. Ra4 Ke7 55. Ra5 Re6 56. Ra4 Kd7 57. Rb4 Kc6 58. Ra4 Kc5 59.
Ra5+ Kc4 60. Ra4+ Kb5 61. Rb4+ Kc5 62. Ra4 Rd6 63. Ra5+ Kd4 64. Ra4+ Kc3 65.
Ra5 Rd3+ 66. Kf2 Kd4 67. Ra4+ Kc3 68. Ra5 Rd2+ 69. Kf3 Rd3+ 70. Kf2 Kb2 71.
Rxe5 Rxa3 72. Rxh5 Rh3 73. Rh6 a5 74. Ra6 Kxa2 75. Rxa5+ Kb3 76. h5 f3 77. Rd5
Kc4 78. Rf5 Kd4 79. e5 Ke4 80. Rf8 Rh2+ 81. Kg1 Rxh5 82. e6 Re5 83. Kf2 Rxe6
84. Rxf3 1/2-1/2

[Event "Open Semana Santa 2023"]
[Site "?"]
[Date "2023.04.08"]
[Round "6.148"]
[White "Prodhomme, Boris"]
[Black "Pintor Avila, Antonio"]
[Result "0-1"]
[WhiteElo "2076"]
[BlackElo "1656"]
[PlyCount "120"]

1. d4 d5 2. Nc3 Nf6 3. Bf4 Bf5 4. f3 e6 5. g4 Bg6 6. h4 h5 7. g5 Nfd7 8. e3 c5
9. Nb5 Na6 10. c3 Ndb8 11. a4 Nc6 12. Bd3 Bxd3 13. Qxd3 g6 14. Nh3 Be7 15. Kf2
Rc8 16. Kg2 c4 17. Qe2 Nab8 18. Bg3 a6 19. Na3 O-O 20. e4 Bd6 21. Nf4 Bxf4 22.
Bxf4 Re8 23. Rad1 Qa5 24. Rde1 Qd8 25. Bg3 Nd7 26. Qc2 Nb6 27. Re2 Qd7 28. Rhe1
Na5 29. exd5 exd5 30. Re5 Rxe5 31. Rxe5 Nc6 32. Re3 Re8 33. Rxe8+ Qxe8 34. b3
Qe6 35. bxc4 Nxc4 36. Nxc4 dxc4 37. Qb2 Qd7 38. Qb6 Ne7 39. Qc5 Nf5 40. Bf2 b5
41. axb5 axb5 42. d5 Kh7 43. Bg3 Qe8 44. Kf2 Nxg3 45. Kxg3 Qe5+ 46. Kf2 Qxc3
47. d6 Qd2+ 48. Kg3 c3 49. Qc7 Kg7 50. d7 c2 51. Qe5+ Kh7 52. Qe7 Qd5 53. d8=Q
Qxd8 54. Qxf7+ Kh8 55. Qf4 b4 56. Qc1 b3 57. Qb2+ Kh7 58. Qc3 Qb8+ 59. Kh3 b2
60. Qc4 Qb7 0-1

[Event "Open Semana Santa 2023"]
[Site "?"]
[Date "2023.04.08"]
[Round "6.149"]
[White "Lazaro Azcutia, Miguel"]
[Black "Zaldivar, Gustavo"]
[Result "1/2-1/2"]
[WhiteElo "2042"]
[BlackElo "1645"]
[PlyCount "46"]

1. e4 Nc6 2. Nf3 e5 3. Bb5 f5 4. d3 fxe4 5. dxe4 Nf6 6. Nc3 Bc5 7. O-O d6 8.
Bc4 Qe7 9. Be3 Bxe3 10. fxe3 Bg4 11. a4 O-O-O 12. Qd2 Bxf3 13. Rxf3 h5 14. a5
a6 15. Nd5 Nxd5 16. Bxd5 Rdf8 17. Rxf8+ Rxf8 18. Bxc6 bxc6 19. Qe2 Qh4 20.
Qxa6+ Kd7 21. Qe2 Qxe4 22. a6 g6 23. c3 g5 1/2-1/2

[Event "Open Semana Santa 2023"]
[Site "?"]
[Date "2023.04.08"]
[Round "6.150"]
[White "Kratz, Jonathan"]
[Black "Morato Tent, Francisco"]
[Result "0-1"]
[WhiteElo "1600"]
[BlackElo "1975"]
[PlyCount "60"]
[EventDate "2023.??.??"]

1. d4 Nf6 2. c4 g6 3. f3 Bg7 4. e4 d6 5. Nc3 c6 6. Nge2 a6 7. Be3 b5 8. c5 dxc5
9. dxc5 Nbd7 10. Ng3 O-O 11. Be2 Qc7 12. O-O h5 13. Qe1 Ne5 14. Rd1 Be6 15. Nh1
Nc4 16. Bxc4 Bxc4 17. Rf2 e5 18. b3 Be6 19. Rfd2 Rfd8 20. Bg5 Re8 21. Nf2 a5
22. Rd6 Nd7 23. Qe3 Bf8 24. Bh6 Bxd6 25. Rxd6 Rad8 26. Bg5 f6 27. Rxd7 Qxd7 28.
Nd5 cxd5 29. Bxf6 dxe4 30. Nxe4 Qd4 0-1

[Event "Open Semana Santa 2023"]
[Site "?"]
[Date "2023.04.08"]
[Round "6.151"]
[White "Donate Moreno, David"]
[Black "Rossello Sanchez, Bartolome"]
[Result "1-0"]
[WhiteElo "1958"]
[BlackElo "1629"]
[PlyCount "109"]
[EventDate "2023.??.??"]

1. e4 c5 2. Nf3 Nc6 3. d4 cxd4 4. Nxd4 Nf6 5. Nc3 e5 6. Ndb5 d6 7. Bg5 a6 8.
Na3 b5 9. Nd5 Be7 10. Bxf6 Bxf6 11. c4 b4 12. Nc2 Rb8 13. Qd3 Bg5 14. g3 O-O
15. Bg2 a5 16. h4 Bh6 17. O-O g6 18. Nde3 Qe7 19. Nd5 Qd8 20. Rfd1 Re8 21. Nde3
Bf8 22. Qe2 Qc7 23. Nd5 Qd8 24. b3 Kh8 25. Rd3 Bg7 26. Nde3 Qc7 27. Rad1 Rd8
28. Nd5 Qa7 29. h5 Be6 30. Nde3 Qc7 31. Qf1 Rd7 32. Bh3 Nd8 33. Nd5 Qa7 34. h6
Bf8 35. Nf6 Rdb7 36. Ne8 Bxh3 37. Qxh3 Ne6 38. Nxd6 Rb6 39. Nb5 Qe7 40. Rd7 Qf6
41. Ne3 Bc5 42. Qf1 Nd4 43. Nxd4 exd4 44. Nd5 Qg5 45. Nxb6 Rxb6 46. Rd5 Qe7 47.
Qd3 Rb8 48. Rxc5 Qxc5 49. Qxd4+ Qxd4 50. Rxd4 Kg8 51. Rd7 Ra8 52. Kf1 Kf8 53.
Ke2 Ke8 54. Rb7 g5 55. Rb5 1-0

[Event "Open Semana Santa 2023"]
[Site "?"]
[Date "2023.04.08"]
[Round "6.152"]
[White "Perez Gonzalez, Roberto"]
[Black "Prochaieva, Tina"]
[Result "1-0"]
[WhiteElo "1957"]
[BlackElo "1627"]
[Annotator "Usuario"]
[PlyCount "108"]
[EventDate "2023.??.??"]

1. e4 c5 2. Nf3 e6 3. g3 d6 4. Bg2 Nf6 5. Qe2 Nbd7 6. O-O Be7 7. c3 O-O 8. d4
cxd4 9. cxd4 e5 10. Rd1 Qc7 11. Nc3 a6 12. Bg5 Re8 13. Rac1 Qb8 14. h3 b5 15.
Nh4 b4 16. Na4 h6 17. Be3 Bb7 18. d5 Rc8 19. Nf5 Bf8 20. g4 a5 21. Rxc8 Bxc8
22. Rc1 Ba6 23. Qc2 Qb7 24. f3 Kh7 25. Qc6 Qb8 26. Bf1 Bxf1 27. Kxf1 g6 28. Ng3
b3 $11 29. a3 Be7 30. h4 Qd8 31. h5 Ng8 32. Qc7 Qe8 33. Rc6 Nb8 34. Rc4 Na6 35.
Qb7 Qb8 36. Qxb8 Rxb8 37. Rc6 Ra8 38. Nb6 Rd8 39. Nc4 Nb8 40. Nb6 Bh4 41. hxg6+
Kxg6 42. Nf5 Be7 43. Rc7 Bg5 44. Bf2 Bd2 45. Ke2 Bg5 46. Nc4 Rd7 47. Rxd7 Nxd7
48. Nfxd6 a4 49. Nb5 Ne7 50. Nc3 Nc5 51. Bxc5 h5 52. gxh5+ Kxh5 53. Bxe7 Bxe7
54. d6 Bd8 1-0

[Event "Open Semana Santa 2023"]
[Site "?"]
[Date "2023.04.08"]
[Round "6.153"]
[White "Sanjuan Segura, Ignacio"]
[Black "Nechifor, David"]
[Result "1-0"]
[WhiteElo "1902"]
[BlackElo "1626"]
[PlyCount "99"]

1. d4 d5 2. Nf3 Nf6 3. c4 e6 4. g3 Be7 5. Bg2 O-O 6. O-O b6 7. cxd5 exd5 8. Nc3
Bb7 9. Bf4 a6 10. h4 Nbd7 11. Rc1 Nh5 12. Be3 f5 13. Ng5 Bxg5 14. Bxg5 Ndf6 15.
Qb3 h6 16. Bxf6 Nxf6 17. e3 Ne4 18. Nxe4 fxe4 19. Bxe4 Kh8 20. Bb1 Bc8 21. Qc2
Bf5 22. Qxc7 Bxb1 23. Qxd8 Raxd8 24. Rxb1 Rc8 25. Rbc1 Kg8 26. Rc3 Rxc3 27.
bxc3 Rc8 28. Rb1 b5 29. Rb3 Rc4 30. Kf1 Kf7 31. Ke2 Ke6 32. Kd3 Ra4 33. a3 Kd6
34. f3 Ke6 35. e4 g6 36. Ke3 g5 37. hxg5 hxg5 38. e5 Rc4 39. Kd3 Kf5 40. Rb4
Rc6 41. a4 bxa4 42. Rxa4 g4 43. fxg4+ Kxg4 44. Ra5 Kxg3 45. Rxd5 Kf4 46. Rd6
Rc7 47. Rxa6 Kf5 48. Rf6+ Kg5 49. d5 Rh7 50. d6 1-0

[Event "Open Semana Santa 2023"]
[Site "?"]
[Date "2023.04.08"]
[Round "6.154"]
[White "Lizzul Coppe, Mirko"]
[Black "Borisova Douchkova, Vanesa"]
[Result "1/2-1/2"]
[WhiteElo "1902"]
[BlackElo "1617"]
[PlyCount "66"]

1. e4 c5 2. Nf3 g6 3. d4 cxd4 4. Qxd4 Nf6 5. e5 Nc6 6. Qa4 Nd5 7. Qe4 Nb6 8.
Nc3 Bg7 9. Bf4 d5 10. exd6 Bf5 11. Qe3 O-O 12. O-O-O exd6 13. Rxd6 Qc8 14. Bb5
Nb4 15. Nd4 Nxa2+ 16. Kb1 Nxc3+ 17. Qxc3 Be4 18. f3 Bd5 19. Rd1 Qxc3 20. bxc3
Rfc8 21. Ne2 Rc5 22. c4 Bxc4 23. Rd8+ Rxd8 24. Rxd8+ Bf8 25. Rxf8+ Kxf8 26.
Bd6+ Kg7 27. Bxc5 Bxb5 28. Bd4+ Kf8 29. Nf4 Bc6 30. Kb2 Nc8 31. Bc5+ Kg7 32.
Bd4+ Kf8 33. Bc5+ Kg7 1/2-1/2

[Event "Open Semana Santa 2023"]
[Site "?"]
[Date "2023.04.08"]
[Round "6.155"]
[White "WFM Yastrebova, Tatiana"]
[Black "Perez Pinazo, Jose Oscar"]
[Result "1/2-1/2"]
[WhiteElo "1896"]
[BlackElo "1612"]
[PlyCount "132"]
[EventDate "2023.??.??"]

1. d4 Nf6 2. c4 e6 3. Nc3 Bb4 4. e3 c5 5. Nge2 d5 6. a3 Bxc3+ 7. Nxc3 O-O 8.
dxc5 a5 9. cxd5 exd5 10. Be2 Na6 11. Bf3 Nxc5 12. O-O Be6 13. Ne2 Rc8 14. Nd4
Ncd7 15. Qe2 Ne5 16. Rd1 Nxf3+ 17. Nxf3 Qb6 18. Rd4 Rc7 19. b4 Rfc8 20. Bd2 Rc2
21. Qd3 Ne4 22. Rd1 axb4 23. Rxb4 Qa5 24. h3 Nxd2 25. Rxd2 Rxd2 26. Qxd2 Qxa3
27. Rxb7 Qc1+ 28. Qxc1 Rxc1+ 29. Kh2 h6 30. Nd4 Rc4 31. Rb6 Bd7 32. Rd6 Bc8 33.
Rxd5 g6 34. Rd6 Kg7 35. Rc6 Rxc6 36. Nxc6 Bb7 37. Nd4 Ba8 38. Kg3 h5 39. f3 Bb7
40. Kf4 Ba6 41. h4 Kf6 42. e4 Bf1 43. g4 hxg4 44. fxg4 Bc4 45. e5+ Kg7 46. Kg5
Ba2 47. Nb5 Bb3 48. Nd6 Ba4 49. h5 gxh5 50. gxh5 Bc2 51. Nf5+ Kh7 52. Nd6 Bb3
53. Ne4 Bc4 54. Nf6+ Kg7 55. Ne8+ Kh7 56. Nd6 Bb3 57. Kf6 Kh6 58. Nxf7+ Kxh5
59. Nd6 Kg4 60. Ne4 Bd5 61. Nc3 Bb3 62. Ke7 Kf5 63. Kd6 Bg8 64. Nd5 Bf7 65.
Ne3+ Ke4 66. Ng4 Ba2 1/2-1/2